Artists That Have Worked with Beyonce - Statistics

General Stats
  • This quiz has been taken 103 times
    2 since last reset
  • The average score is 6 of 51
Answer Stats
Artist % Correct
Jay-Z
100%
Coldplay
50%
Ed Sheeran
50%
Kanye West
50%
Kelly Rowland
50%
Lady Gaga
50%
Madonna
50%
Miley Cyrus
50%
Shaboozey
50%
Tems
50%
The Weeknd
50%
2 Chainz
0%
Alicia Keys
0%
Amil
0%
Arrow Benjamin
0%
Beam
0%
Bun B
0%
Chimamanda Ngozi Adichie
0%
DJ Khaled
0%
Dolly Parton
0%
Drake
0%
Eminem
0%
Frank Ocean
0%
Future
0%
Grace Jones
0%
Jack White
0%
Jamie Foxx
0%
J Balvin
0%
J. Cole
0%
Kendrick Lamar
0%
Linda Martell
0%
Major Lazer
0%
Megan Thee Stallion
0%
Michelle Williams
0%
Missy Elliott
0%
Nas
0%
Naughty Boy
0%
Nicki Minaj
0%
Pharrell Williams
0%
Post Malone
0%
Ronald Isley
0%
Salatiel
0%
Sean Paul
0%
Shakira
0%
Shatta Wale
0%
Slim Thug
0%
The-Dream
0%
Travis Scott
0%
Willie Jones
0%
Willie Nelson
0%
Willy William
0%
No matching quizzes found
Score Distribution
Percent of People with Each Score
Percentile by Number Answered
Your Score History
You have not taken this quiz since the last reset